Normal view
MARC view
- Water and waste water treatment :aguide for the nonengineering professional
Entry Topical Term
001 - CONTROL NUMBER
- control field: 4948
003 - CONTROL NUMBER IDENTIFIER
- control field: JO-AjAnu
005 - DATE AND TIME OF LATEST TRANSACTION
- control field: 20230606071115.0
008 - FIXED-LENGTH DATA ELEMENTS
- fixed length control field: 230606|| aca||aabn | a|a d
040 ## - CATALOGING SOURCE
- Original cataloging agency: JO-AjAnu
- Transcribing agency: JO-AjAnu
150 ## - HEADING--TOPICAL TERM
- Topical term or geographic name entry element: Water and waste water treatment :aguide for the nonengineering professional
670 ## - SOURCE DATA FOUND
- Source citation: Work cat.: (JO-AjAnu)2557: Drinan, Joanne /frank spellman , author 4947, Water and waste water treatment :aguide for the nonengineering professional